[Event "DVM U12 2022"]
[Site "München GER"]
[Date "2022.12.28"]
[Round "3"]
[White "Arne, Jonas"]
[Black "Xu, Wanghan"]
[Result "0-1"]
[Termination "normal"]
[Board "6.2"]
[WhiteElo "1394"]
[BlackElo "1275"]
[WhiteClock "00:18:40"]
[BlackClock "01:03:09"]
[WhiteTeam "SG Kaiserslautern 1905"]
[BlackTeam "SV Dresden-Striesen 1990"]
[PlyCount "114"]
[WhiteFideId "34640398"]
[BlackFideId "34608745"]
[EventCountry "GER"]
[EventRounds "7"]
[EventType "team-swiss"]
[EventDate "2022.12.26"]

1. e4 {[%clk 01:30:58]} {[%emt 00:00:01]} e5 {[%clk 01:30:53]} {[%emt
00:00:07]} 2. d4 {[%clk 01:30:40]} {[%emt 00:00:48]} exd4 {[%clk 01:30:58]}
{[%emt 00:00:25]} 3. c3 {[%clk 01:31:05]} {[%emt 00:00:05]} dxc3 {[%clk
01:31:19]} {[%emt 00:00:09]} 4. Bc4 {[%clk 01:31:27]} {[%emt 00:00:08]} Nc6
{[%clk 01:30:13]} {[%emt 00:01:36]} 5. Nf3 {[%clk 01:30:47]} {[%emt 00:01:10]}
d6 {[%clk 01:30:28]} {[%emt 00:00:15]} 6. Nxc3 {[%clk 01:30:09]} {[%emt
00:01:09]} Bg4 {[%clk 01:30:41]} {[%emt 00:00:16]} 7. Be2 {[%clk 01:21:12]}
{[%emt 00:09:27]} h6 {[%clk 01:30:24]} {[%emt 00:00:46]} 8. Nd4 {[%clk
01:20:22]} {[%emt 00:01:21]} Bxe2 {[%clk 01:29:53]} {[%emt 00:01:01]} 9. Ncxe2
{[%clk 01:20:40]} {[%emt 00:00:12]} Nxd4 {[%clk 01:29:04]} {[%emt 00:01:19]}
10. Qxd4 {[%clk 01:21:01]} {[%emt 00:00:08]} Nf6 {[%clk 01:28:49]} {[%emt
00:00:46]} 11. b3 {[%clk 01:20:05]} {[%emt 00:01:27]} Be7 {[%clk 01:28:39]}
{[%emt 00:00:40]} 12. Bb2 {[%clk 01:20:18]} {[%emt 00:00:17]} c5 {[%clk
01:27:09]} {[%emt 00:02:00]} 13. Qd3 {[%clk 01:19:27]} {[%emt 00:01:21]} a6
{[%clk 01:25:16]} {[%emt 00:02:23]} 14. O-O {[%clk 01:18:10]} {[%emt 00:01:47]}
Qd7 {[%clk 01:24:11]} {[%emt 00:01:34]} 15. Rfd1 {[%clk 01:15:53]} {[%emt
00:02:48]} Rd8 {[%clk 01:22:55]} {[%emt 00:01:45]} 16. Nf4 {[%clk 01:15:00]}
{[%emt 00:01:23]} O-O {[%clk 01:20:49]} {[%emt 00:02:37]} 17. Rac1 {[%clk
01:13:33]} {[%emt 00:01:57]} Qg4 {[%clk 01:14:33]} {[%emt 00:06:45]} 18. Nd5
{[%clk 01:09:41]} {[%emt 00:04:23]} Nxd5 {[%clk 01:14:11]} {[%emt 00:00:52]}
19. Qxd5 {[%clk 01:09:52]} {[%emt 00:00:19]} b5 {[%clk 01:13:52]} {[%emt
00:00:48]} 20. Rd3 {[%clk 01:06:53]} {[%emt 00:03:30]} Qe6 {[%clk 01:09:47]}
{[%emt 00:04:33]} 21. Qb7 {[%clk 01:00:25]} {[%emt 00:06:59]} Ra8 {[%clk
01:08:49]} {[%emt 00:01:26]} 22. f4 {[%clk 00:51:23]} {[%emt 00:09:35]} Bf6
{[%clk 01:07:47]} {[%emt 00:01:32]} 23. f5 {[%clk 00:48:51]} {[%emt 00:03:03]}
Qe7 {[%clk 01:07:53]} {[%emt 00:00:19]} 24. Qxe7 {[%clk 00:48:56]} {[%emt
00:00:30]} Bxe7 {[%clk 01:08:15]} {[%emt 00:00:07]} 25. Rg3 {[%clk 00:34:08]}
{[%emt 00:16:58]} f6 {[%clk 01:07:31]} 26. Rg6 {[%clk 00:31:23]} {[%emt
00:02:48]} Kh7 {[%clk 01:07:38]} {[%emt 00:00:23]} 27. Rc3 {[%clk 00:28:42]}
{[%emt 00:03:12]} Rf7 {[%clk 01:07:40]} {[%emt 00:00:27]} 28. Rh3 {[%clk
00:28:40]} {[%emt 00:00:32]} a5 {[%clk 01:06:53]} {[%emt 00:01:17]} 29. a3
{[%clk 00:24:05]} {[%emt 00:05:05]} Bf8 {[%clk 01:05:32]} {[%emt 00:01:50]} 30.
Kf2 {[%clk 00:22:31]} {[%emt 00:02:04]} Rc8 {[%clk 01:02:48]} {[%emt 00:03:09]}
31. g4 {[%clk 00:21:23]} {[%emt 00:01:43]} Re8 {[%clk 01:01:07]} {[%emt
00:02:09]} 32. Re3 {[%clk 00:17:22]} {[%emt 00:04:33]} a4 {[%clk 01:00:10]}
{[%emt 00:01:28]} 33. b4 {[%clk 00:16:56]} {[%emt 00:00:57]} cxb4 {[%clk
01:00:02]} {[%emt 00:00:38]} 34. axb4 {[%clk 00:17:20]} {[%emt 00:00:05]} Rc8
{[%clk 01:00:23]} {[%emt 00:00:09]} 35. Ba3 {[%clk 00:16:02]} {[%emt 00:01:49]}
Rfc7 {[%clk 01:00:32]} {[%emt 00:00:20]} 36. Rd3 {[%clk 00:13:29]} {[%emt
00:03:02]} Rc3 {[%clk 01:00:24]} {[%emt 00:00:38]} 37. Rxc3 {[%clk 00:13:32]}
{[%emt 00:00:28]} Rxc3 {[%clk 01:00:47]} {[%emt 00:00:07]} 38. Bb2 {[%clk
00:13:55]} {[%emt 00:00:07]} Rc2 {[%clk 01:01:12]} {[%emt 00:00:06]} 39. Ke3
{[%clk 00:13:58]} {[%emt 00:00:26]} Rxb2 {[%clk 01:01:33]} {[%emt 00:00:09]}
40. e5 {[%clk 00:14:24]} {[%emt 00:00:04]} dxe5 {[%clk 01:01:44]} {[%emt
00:00:19]} 41. h4 {[%clk 00:14:01]} {[%emt 00:00:53]} a3 {[%clk 01:02:03]}
{[%emt 00:00:12]} 42. g5 {[%clk 00:14:18]} {[%emt 00:00:12]} a2 {[%clk
01:01:31]} {[%emt 00:01:02]} 43. gxh6 {[%clk 00:14:32]} {[%emt 00:00:17]} a1=Q
{[%clk 01:01:38]} {[%emt 00:00:22]} 44. hxg7 {[%clk 00:14:44]} {[%emt
00:00:17]} Bxg7 {[%clk 01:02:00]} {[%emt 00:00:07]} 45. h5 {[%clk 00:15:07]}
{[%emt 00:00:07]} Qa3 {[%clk 01:02:05]} {[%emt 00:00:25]} 46. Ke4 {[%clk
00:15:31]} {[%emt 00:00:07]} Rxb4 {[%clk 01:02:07]} {[%emt 00:00:28]} 47. Kd5
{[%clk 00:15:57]} {[%emt 00:00:04]} Qd3 {[%clk 01:02:25]} {[%emt 00:00:11]} 48.
Ke6 {[%clk 00:16:16]} {[%emt 00:00:12]} Rf4 {[%clk 01:01:55]} {[%emt 00:00:57]}
49. h6 {[%clk 00:16:31]} {[%emt 00:00:18]} Qxf5 {[%clk 01:02:12]} {[%emt
00:00:13]} 50. Ke7 {[%clk 00:16:47]} {[%emt 00:00:13]} Qxg6 {[%clk 01:02:21]}
{[%emt 00:00:21]} 51. hxg7 {[%clk 00:17:12]} {[%emt 00:00:06]} Qxg7 {[%clk
01:02:33]} {[%emt 00:00:17]} 52. Ke6 {[%clk 00:17:35]} {[%emt 00:00:08]} Ra4
{[%clk 01:02:06]} {[%emt 00:00:56]} 53. Kd5 {[%clk 00:17:37]} {[%emt 00:00:29]}
e4 {[%clk 01:01:55]} {[%emt 00:00:39]} 54. Ke6 {[%clk 00:17:51]} {[%emt
00:00:17]} Qg5 {[%clk 01:02:15]} {[%emt 00:00:08]} 55. Kd6 {[%clk 00:18:07]}
{[%emt 00:00:16]} Ra6 {[%clk 01:02:32]} {[%emt 00:00:13]} 56. Kc7 {[%clk
00:18:16]} {[%emt 00:00:20]} Qg7 {[%clk 01:02:53]} {[%emt 00:00:09]} 57. Kb8
{[%clk 00:18:40]} {[%emt 00:00:07]} Re6 {[%clk 01:03:09]} {[%emt 00:00:13]} 0-1

[Event "DVM U12 2022"]
[Site "München GER"]
[Date "2022.12.28"]
[Round "3"]
[White "Rokhmanova, Vitalina"]
[Black "Klein, Deniz"]
[Result "1/2-1/2"]
[Termination "normal"]
[Board "6.3"]
[WhiteElo "1312"]
[BlackElo "1362"]
[WhiteClock "00:20:49"]
[BlackClock "00:45:57"]
[WhiteTeam "SV Dresden-Striesen 1990"]
[BlackTeam "SG Kaiserslautern 1905"]
[PlyCount "41"]
[WhiteFideId "34640533"]
[BlackFideId "34611282"]
[EventCountry "GER"]
[EventRounds "7"]
[EventType "team-swiss"]
[EventDate "2022.12.26"]

1. e4 {[%clk 01:30:58]} c5 {[%clk 01:30:52]} {[%emt 00:00:08]} 2. c3 {[%clk
01:31:14]} {[%emt 00:00:14]} d6 {[%clk 01:29:52]} {[%emt 00:01:30]} 3. d4
{[%clk 01:31:23]} {[%emt 00:00:21]} cxd4 {[%clk 01:30:07]} {[%emt 00:00:15]} 4.
cxd4 {[%clk 01:31:42]} {[%emt 00:00:11]} Nf6 {[%clk 01:28:23]} {[%emt
00:02:14]} 5. Bd3 {[%clk 01:28:33]} {[%emt 00:03:38]} g6 {[%clk 01:26:41]}
{[%emt 00:02:12]} 6. b3 {[%clk 01:23:45]} {[%emt 00:05:18]} Bg7 {[%clk
01:25:33]} {[%emt 00:01:39]} 7. Bb2 {[%clk 01:22:28]} {[%emt 00:01:46]} O-O
{[%clk 01:25:19]} {[%emt 00:00:44]} 8. Nf3 {[%clk 01:20:45]} {[%emt 00:02:13]}
Bg4 {[%clk 01:22:38]} {[%emt 00:03:12]} 9. Nbd2 {[%clk 01:12:50]} {[%emt
00:08:24]} Nfd7 {[%clk 01:16:53]} {[%emt 00:06:15]} 10. h3 {[%clk 01:01:02]}
{[%emt 00:12:17]} Bxf3 {[%clk 01:16:38]} {[%emt 00:00:45]} 11. Nxf3 {[%clk
01:00:09]} {[%emt 00:01:24]} a6 {[%clk 01:16:29]} {[%emt 00:00:39]} 12. O-O
{[%clk 00:53:47]} {[%emt 00:06:52]} Nc6 {[%clk 01:15:29]} {[%emt 00:01:29]} 13.
a3 {[%clk 00:49:40]} {[%emt 00:04:37]} Qb6 {[%clk 01:11:47]} {[%emt 00:04:12]}
14. Be2 {[%clk 00:41:01]} {[%emt 00:09:09]} e6 {[%clk 01:07:02]} {[%emt
00:05:16]} 15. Rb1 {[%clk 00:32:39]} {[%emt 00:08:51]} Nf6 {[%clk 00:59:08]}
{[%emt 00:08:58]} 16. Qd3 {[%clk 00:27:33]} {[%emt 00:05:01]} Rac8 {[%clk
00:56:16]} {[%emt 00:03:23]} 17. Rfc1 {[%clk 00:20:49]} {[%emt 00:07:12]} Rfe8
{[%clk 00:45:57]} {[%emt 00:10:50]} 18. b4 Qd8 {[%clk 00:45:57]} 19. Bc3 d5
{[%clk 00:45:57]} 20. e5 Nd7 {[%clk 00:45:57]} 21. a4 1/2-1/2

[Event "DVM U12 2022"]
[Site "München GER"]
[Date "2022.12.28"]
[Round "3"]
[White "Hahn, Julian"]
[Black "Reichel, Emilio"]
[Result "1-0"]
[Termination "normal"]
[Board "6.4"]
[WhiteElo "1214"]
[BlackElo "1037"]
[WhiteClock "00:18:44"]
[BlackClock "01:08:54"]
[WhiteTeam "SG Kaiserslautern 1905"]
[BlackTeam "SV Dresden-Striesen 1990"]
[PlyCount "95"]
[WhiteFideId "34640436"]
[BlackFideId "34640517"]
[EventCountry "GER"]
[EventRounds "7"]
[EventType "team-swiss"]
[EventDate "2022.12.26"]

1. e4 {[%clk 01:30:59]} c5 {[%clk 01:30:59]} {[%emt 00:00:02]} 2. Nf3 {[%clk
01:31:12]} {[%emt 00:00:17]} Nc6 {[%clk 01:31:20]} {[%emt 00:00:09]} 3. d3
{[%clk 01:29:39]} {[%emt 00:02:03]} d6 {[%clk 01:31:42]} {[%emt 00:00:08]} 4.
Be2 {[%clk 01:29:16]} {[%emt 00:00:53]} Nf6 {[%emt 00:00:09]} 5. O-O {[%clk
01:28:35]} {[%emt 00:01:09]} g6 {[%clk 01:32:28]} {[%emt 00:00:06]} 6. c4
{[%clk 01:27:46]} {[%emt 00:01:19]} e5 {[%clk 01:32:56]} {[%emt 00:00:03]} 7.
Nc3 {[%clk 01:26:41]} {[%emt 00:01:34]} Bg7 {[%clk 01:33:20]} {[%emt 00:00:06]}
8. Bg5 {[%clk 01:25:14]} {[%emt 00:01:58]} O-O {[%clk 01:33:42]} {[%emt
00:00:08]} 9. Qd2 {[%clk 01:22:24]} {[%emt 00:03:20]} Bg4 {[%clk 01:32:19]}
{[%emt 00:01:52]} 10. Nd5 {[%clk 01:17:56]} {[%emt 00:04:59]} Be6 {[%clk
01:29:23]} {[%emt 00:03:25]} 11. a3 {[%clk 01:09:39]} {[%emt 00:08:47]} Bxd5
{[%clk 01:26:32]} {[%emt 00:03:21]} 12. exd5 {[%clk 01:06:22]} {[%emt
00:03:47]} Na5 {[%clk 01:26:28]} {[%emt 00:00:34]} 13. Bd1 {[%clk 01:00:19]}
{[%emt 00:06:33]} a6 {[%clk 01:26:11]} {[%emt 00:00:48]} 14. b4 {[%clk
01:00:24]} {[%emt 00:00:24]} cxb4 {[%clk 01:24:29]} {[%emt 00:02:11]} 15. axb4
{[%clk 01:00:44]} {[%emt 00:00:11]} Nc6 {[%clk 01:24:50]} {[%emt 00:00:10]} 16.
dxc6 {[%clk 01:00:55]} {[%emt 00:00:19]} bxc6 {[%clk 01:24:43]} {[%emt
00:00:37]} 17. Ba4 {[%clk 00:57:42]} {[%emt 00:03:43]} Qd7 {[%clk 01:23:45]}
{[%emt 00:01:28]} 18. Bh6 {[%clk 00:53:37]} {[%emt 00:04:34]} Nh5 {[%clk
01:23:17]} {[%emt 00:00:58]} 19. Bxg7 {[%clk 00:52:48]} {[%emt 00:01:19]} Kxg7
{[%clk 01:23:43]} {[%emt 00:00:04]} 20. h3 {[%clk 00:52:01]} {[%emt 00:01:17]}
Qe6 {[%clk 01:23:35]} {[%emt 00:00:39]} 21. Rae1 {[%clk 00:39:32]} {[%emt
00:12:58]} Rfc8 {[%clk 01:18:49]} {[%emt 00:05:16]} 22. d4 {[%clk 00:36:19]}
{[%emt 00:03:43]} f6 {[%clk 01:17:19]} {[%emt 00:02:00]} 23. dxe5 {[%clk
00:36:05]} {[%emt 00:00:45]} fxe5 {[%clk 01:17:46]} {[%emt 00:00:03]} 24. c5
{[%clk 00:34:07]} {[%emt 00:02:28]} Rd8 {[%clk 01:17:37]} {[%emt 00:00:39]} 25.
Qc3 {[%clk 00:32:05]} {[%emt 00:02:31]} Nf4 {[%clk 01:16:47]} {[%emt 00:01:20]}
26. Nxe5 {[%clk 00:27:00]} {[%emt 00:07:39]} Qf5 {[%clk 01:14:35]} {[%emt
00:00:38]} 27. Nd3 {[%clk 00:26:05]} {[%emt 00:01:24]} Kh6 {[%clk 01:14:06]}
{[%emt 00:00:59]} 28. Nxf4 {[%clk 00:26:20]} {[%emt 00:00:16]} Qxf4 {[%clk
01:14:11]} {[%emt 00:00:25]} 29. Bxc6 {[%clk 00:24:42]} {[%emt 00:02:08]} Rab8
{[%clk 01:14:34]} {[%emt 00:00:07]} 30. Re4 {[%clk 00:22:43]} {[%emt 00:02:29]}
Qg5 {[%clk 01:14:05]} {[%emt 00:00:57]} 31. cxd6 {[%clk 00:21:06]} {[%emt
00:02:09]} Rxd6 {[%clk 01:14:21]} {[%emt 00:00:14]} 32. Rc4 {[%clk 00:20:32]}
{[%emt 00:01:04]} Rbd8 {[%clk 01:13:57]} {[%emt 00:00:54]} 33. Qc1 {[%clk
00:20:17]} {[%emt 00:00:45]} Qxc1 {[%clk 01:14:16]} {[%emt 00:00:10]} 34. Rfxc1
{[%clk 00:18:53]} {[%emt 00:01:55]} Rc8 {[%clk 01:14:24]} {[%emt 00:00:22]} 35.
b5 {[%clk 00:18:35]} {[%emt 00:00:48]} a5 {[%clk 01:14:09]} {[%emt 00:00:44]}
36. Ra4 {[%clk 00:18:16]} {[%emt 00:00:49]} Rd5 {[%clk 01:13:24]} {[%emt
00:01:15]} 37. Rxa5 {[%clk 00:17:31]} {[%emt 00:01:15]} Rxc6 {[%clk 01:12:33]}
{[%emt 00:01:22]} 38. Rxc6 {[%clk 00:17:52]} {[%emt 00:00:09]} Kg5 {[%clk
01:12:55]} {[%emt 00:00:08]} 39. Rca6 {[%clk 00:16:55]} {[%emt 00:01:26]} Kf4
{[%clk 01:12:57]} {[%emt 00:00:28]} 40. Ra4 {[%clk 00:17:14]} {[%emt 00:00:12]}
Ke5 {[%clk 01:12:37]} {[%emt 00:00:50]} 41. b6 {[%clk 00:17:05]} {[%emt
00:00:38]} Kd6 {[%clk 01:11:39]} {[%emt 00:01:27]} 42. Rc4 {[%clk 00:17:00]}
{[%emt 00:00:37]} Rb5 {[%clk 01:09:07]} {[%emt 00:03:02]} 43. b7 {[%clk
00:17:11]} {[%emt 00:00:19]} Kd5 {[%clk 01:09:05]} {[%emt 00:00:33]} 44. Rc7
{[%clk 00:17:15]} {[%emt 00:00:26]} h6 {[%clk 01:08:57]} {[%emt 00:01:10]} 45.
Ra8 {[%clk 00:17:44]} {[%emt 00:00:29]} Kd6 {[%clk 01:09:17]} {[%emt 00:00:10]}
46. b8=Q {[%clk 00:17:58]} {[%emt 00:00:16]} Rxb8 {[%clk 01:08:42]} {[%emt
00:01:05]} 47. Rxb8 {[%clk 00:18:19]} {[%emt 00:00:09]} Kxc7 {[%clk 01:08:54]}
{[%emt 00:00:17]} 48. Rg8 {[%clk 00:18:44]} {[%emt 00:00:05]} 1-0

[Event "DVM U12 2022"]
[Site "München GER"]
[Date "2022.12.28"]
[Round "3"]
[White "Cao, Yuanshu"]
[Black "Zielke, Constantin"]
[Result "1-0"]
[Termination "normal"]
[Board "7.1"]
[WhiteElo "1489"]
[BlackElo "1342"]
[WhiteClock "01:18:07"]
[BlackClock "01:07:10"]
[WhiteTeam "SchachAkademiePaderborn"]
[BlackTeam "SG Turm Leipzig"]
[PlyCount "58"]
[WhiteFideId "34640428"]
[BlackFideId "34640576"]
[EventCountry "GER"]
[EventRounds "7"]
[EventType "team-swiss"]
[EventDate "2022.12.26"]

1. d4 {[%clk 01:30:58]} {[%emt 00:00:01]} d5 {[%clk 01:30:57]} {[%emt
00:00:04]} 2. Nf3 {[%clk 01:31:23]} {[%emt 00:00:04]} Nf6 {[%clk 01:31:22]}
{[%emt 00:00:05]} 3. g3 {[%clk 01:31:47]} {[%emt 00:00:06]} e6 {[%clk
01:31:42]} {[%emt 00:00:10]} 4. Bg2 {[%clk 01:32:11]} {[%emt 00:00:06]} Bd6
{[%clk 01:32:00]} {[%emt 00:00:13]} 5. O-O {[%clk 01:32:28]} {[%emt 00:00:13]}
O-O {[%clk 01:32:21]} {[%emt 00:00:10]} 6. c4 {[%clk 01:32:40]} {[%emt
00:00:17]} dxc4 {[%clk 01:32:41]} {[%emt 00:00:11]} 7. Nbd2 {[%clk 01:32:26]}
{[%emt 00:00:44]} b5 {[%clk 01:32:41]} {[%emt 00:00:29]} 8. Ne5 {[%clk
01:32:16]} {[%emt 00:00:40]} Nbd7 {[%clk 01:32:24]} {[%emt 00:00:47]} 9. Nxd7
{[%clk 01:32:05]} {[%emt 00:00:41]} Bxd7 {[%clk 01:32:42]} {[%emt 00:00:12]}
10. Bxa8 {[%clk 01:32:23]} {[%emt 00:00:12]} Qxa8 {[%clk 01:32:52]} {[%emt
00:00:20]} 11. Re1 {[%clk 01:31:23]} {[%emt 00:01:30]} e5 {[%clk 01:31:32]}
{[%emt 00:01:50]} 12. dxe5 {[%clk 01:31:23]} {[%emt 00:00:30]} Bxe5 {[%clk
01:30:39]} {[%emt 00:01:22]} 13. Nf3 {[%clk 01:31:44]} {[%emt 00:00:09]} Bd6
{[%clk 01:29:55]} {[%emt 00:01:13]} 14. Bg5 {[%clk 01:31:53]} {[%emt 00:00:23]}
Ne4 {[%clk 01:29:02]} {[%emt 00:01:21]} 15. Bf4 {[%clk 01:30:42]} {[%emt
00:01:42]} Bxf4 {[%clk 01:29:02]} {[%emt 00:00:30]} 16. Qxd7 {[%clk 01:30:57]}
{[%emt 00:00:15]} Bd6 {[%clk 01:27:15]} {[%emt 00:02:17]} 17. Qxb5 {[%clk
01:30:52]} {[%emt 00:00:35]} c3 {[%clk 01:25:08]} {[%emt 00:02:37]} 18. bxc3
{[%clk 01:29:30]} {[%emt 00:01:52]} Nxc3 {[%clk 01:25:25]} {[%emt 00:00:13]}
19. Qd3 {[%clk 01:29:37]} {[%emt 00:00:24]} Ne4 {[%clk 01:24:56]} {[%emt
00:00:56]} 20. Rac1 {[%clk 01:28:33]} {[%emt 00:01:36]} h6 {[%clk 01:22:35]}
{[%emt 00:02:51]} 21. Rc4 {[%clk 01:25:48]} {[%emt 00:03:15]} Nc5 {[%clk
01:20:13]} {[%emt 00:02:52]} 22. Qc3 {[%clk 01:20:59]} {[%emt 00:05:19]} Ne4
{[%clk 01:19:12]} {[%emt 00:01:26]} 23. Qd4 {[%clk 01:19:51]} {[%emt 00:01:43]}
Nf6 {[%clk 01:16:44]} {[%emt 00:02:57]} 24. e4 {[%clk 01:19:33]} {[%emt
00:00:49]} Ng4 {[%clk 01:15:10]} {[%emt 00:02:04]} 25. e5 {[%clk 01:18:54]}
{[%emt 00:01:10]} c5 {[%clk 01:11:02]} {[%emt 00:04:38]} 26. Qxg4 {[%clk
01:17:52]} {[%emt 00:01:30]} Be7 {[%clk 01:08:27]} {[%emt 00:03:05]} 27. e6
{[%clk 01:17:50]} {[%emt 00:00:33]} fxe6 {[%clk 01:07:51]} {[%emt 00:01:07]}
28. Qxe6 {[%clk 01:17:45]} {[%emt 00:00:34]} Rf7 {[%clk 01:07:10]} {[%emt
00:01:11]} 29. Ne5 {[%clk 01:18:07]} {[%emt 00:01:59]} Qb8 1-0

[Event "DVM U12 2022"]
[Site "München GER"]
[Date "2022.12.28"]
[Round "3"]
[White "Burban, Victor"]
[Black "Sosnicki, Adrian"]
[Result "1-0"]
[Termination "normal"]
[Board "7.3"]
[WhiteElo "1357"]
[BlackElo "1132"]
[WhiteClock "00:53:47"]
[BlackClock "01:19:31"]
[WhiteTeam "SchachAkademiePaderborn"]
[BlackTeam "SG Turm Leipzig"]
[PlyCount "58"]
[WhiteFideId "34609032"]
[BlackFideId "34640541"]
[EventCountry "GER"]
[EventRounds "7"]
[EventType "team-swiss"]
[EventDate "2022.12.26"]

1. e4 {[%clk 01:30:59]} d5 {[%clk 01:30:55]} {[%emt 00:00:05]} 2. exd5 {[%clk
01:31:23]} {[%emt 00:00:05]} Nf6 {[%clk 01:31:20]} {[%emt 00:00:06]} 3. Bb5
{[%clk 01:31:43]} {[%emt 00:00:10]} c6 {[%clk 01:29:23]} {[%emt 00:02:26]} 4.
dxc6 {[%clk 01:31:52]} {[%emt 00:00:21]} Nxc6 {[%clk 01:29:47]} {[%emt
00:00:07]} 5. Nf3 {[%clk 01:30:57]} {[%emt 00:01:25]} Qb6 {[%clk 01:29:38]}
{[%emt 00:00:39]} 6. Nc3 {[%clk 01:29:30]} {[%emt 00:01:56]} Bg4 {[%clk
01:29:51]} {[%emt 00:00:18]} 7. h3 {[%clk 01:28:17]} {[%emt 00:01:43]} Bh5
{[%clk 01:30:14]} {[%emt 00:00:06]} 8. g4 {[%clk 01:27:58]} {[%emt 00:00:50]}
Bg6 {[%clk 01:30:36]} {[%emt 00:00:08]} 9. d3 {[%clk 01:26:49]} {[%emt
00:01:39]} e6 {[%clk 01:30:48]} {[%emt 00:00:18]} 10. Be3 {[%clk 01:26:16]}
{[%emt 00:01:03]} Qc7 {[%clk 01:31:11]} {[%emt 00:00:07]} 11. Qd2 {[%clk
01:24:49]} {[%emt 00:01:56]} Bb4 {[%clk 01:31:17]} {[%emt 00:00:25]} 12. O-O-O
{[%clk 01:23:43]} {[%emt 00:01:35]} Rd8 {[%clk 01:31:22]} {[%emt 00:00:27]} 13.
Bf4 {[%clk 01:18:51]} {[%emt 00:05:21]} Bxc3 {[%clk 01:28:30]} {[%emt
00:03:22]} 14. Bxc7 {[%clk 01:17:52]} {[%emt 00:01:28]} Bxd2 {[%clk 01:28:39]}
{[%emt 00:00:22]} 15. Rxd2 {[%clk 01:17:45]} {[%emt 00:00:36]} Rd7 {[%clk
01:29:01]} {[%emt 00:00:09]} 16. Bg3 {[%clk 01:16:51]} {[%emt 00:01:24]} O-O
{[%clk 01:29:04]} {[%emt 00:00:26]} 17. Ne5 {[%clk 01:11:56]} {[%emt 00:05:26]}
Rd5 {[%clk 01:24:37]} {[%emt 00:04:58]} 18. Bxc6 {[%clk 01:11:14]} {[%emt
00:01:11]} bxc6 {[%clk 01:24:57]} {[%emt 00:00:11]} 19. Nxc6 {[%clk 01:11:31]}
{[%emt 00:00:11]} Kh8 {[%clk 01:23:25]} {[%emt 00:02:03]} 20. Ne7 {[%clk
01:10:12]} {[%emt 00:01:48]} Ra5 {[%clk 01:22:52]} {[%emt 00:01:04]} 21. a3
{[%clk 01:08:41]} {[%emt 00:02:00]} Nd5 {[%clk 01:22:44]} {[%emt 00:00:39]} 22.
Nxd5 {[%clk 01:06:00]} {[%emt 00:03:10]} Rxd5 {[%clk 01:22:39]} {[%emt
00:00:36]} 23. Re1 {[%clk 01:02:51]} {[%emt 00:03:38]} h5 {[%clk 01:20:41]}
{[%emt 00:02:29]} 24. Re5 {[%clk 01:00:30]} {[%emt 00:02:51]} Rfd8 {[%clk
01:20:34]} {[%emt 00:00:37]} 25. Rxd5 {[%clk 00:59:47]} {[%emt 00:01:11]} Rxd5
{[%clk 01:20:51]} {[%emt 00:00:15]} 26. Re2 {[%clk 00:57:21]} {[%emt 00:02:55]}
hxg4 {[%clk 01:19:56]} {[%emt 00:01:26]} 27. hxg4 {[%clk 00:57:44]} {[%emt
00:00:07]} Rg5 {[%clk 01:20:07]} {[%emt 00:00:19]} 28. f3 {[%clk 00:56:53]}
{[%emt 00:01:21]} f5 {[%clk 01:20:16]} {[%emt 00:00:21]} 29. Bh4 {[%clk
00:53:47]} {[%emt 00:03:36]} fxg4 {[%clk 01:19:31]} {[%emt 00:01:15]} 1-0